Normal view MARC view
  • Alexander, Kern,

Entry Personal Name

Number of records used in: 1

001 - CONTROL NUMBER

  • control field: 39281

003 - CONTROL NUMBER IDENTIFIER

  • control field: OSt

005 - DATE AND TIME OF LATEST TRANSACTION

  • control field: 20160210105656.0

008 - FIXED-LENGTH DATA ELEMENTS

  • fixed length control field: 160210|| aca||aabn | a|a d

040 ## - CATALOGING SOURCE

  • Original cataloging agency: OSt

100 1# - HEADING--PERSONAL NAME

  • Personal name: Alexander, Kern,
  • Dates associated with a name: 1962-

400 1# - SEE FROM TRACING--PERSONAL NAME

  • Personal name: Alexander, S. Kern,
  • Dates associated with a name: 1962-